000 00533nam a2200169Ia 4500
008 240729s9999 xx 000 0 und d
022 _a2046-0449
245 0 _aInternational Journal of Transportation Science and Technology
260 _aChina
260 _bKeAi Communications Co., Ltd.
650 _a Engineering (General). Civil engineering (General)
650 _a Transportation engineering
650 _aTechnology
856 _uhttps://doaj.org/toc/f397039106cf430b85bb11e191f73507
942 _2ddc
942 _cDOAJEJ
999 _c67738
_d67738
945 _a1
_bMadushi Gamage
_c1
_dMadushi Gamage